LEADER 00863nam a2200241 u 4500 001 000000039071 003 CaOOAMICUS 005 20070226113940.0 008 980504s1983 it u000 u ita u 035 $a10793354 040 $aPUL(R)$bita 100 1 $aItalia, Vittorio.$0(OLS)http://pul/name/10090 245 13$aLe leggi speciali /$cVittorio Italia. 260 $aMilano :$bGiuffrè,$c1983. 300 $a136 p. ;$c21 cm 504 $aBibliografia p. [127]. 650 4$aDiritto.$0(OLS)http://pul/subject/491 850 $aPUL 852 $aPUL$W1$xSL Diritto e Scienze Sociali 1$y4$m175 O 2$j53165$nBK-PRI$b $qStampati$B53165$CPULBib$Z2$F53165 $H $81 941 1 $a8 961 $aINV: 68298 996 $6245$aLe leggi speciali$9(OLS)http://pul/title/52931 996 $6260$aMilano :$bGiuffrè$9(OLS)http://pul/publisher/48401 LEADER 01767nam a2200301 u 4500 001 000000044344 003 CaOOAMICUS 005 20070226114535.0 008 990426s1837 it u000 u ita u 035 $a10821269 040 $aPUL(R)$bita 110 1 $aStati pontifici.$0(OLS)http://pul/name/18021 240 10$aLeggi, ecc. (Stati pontifici).$0(OLS)http://pul/title/29842 245 10$aIndice alfabetico semi-analitico delle materie contenute nei sette volumi della Raccolta delle leggi e disposizioni di Pubblica amministrazione emanate nel secondo triennio del pontificato della Santità di N.S. Gregorio Papa XVI :$bcioè dal 1 gennaio 1834 a tutto il 31 dicembre 1836. 260 $aRoma :$bNella stamperia della R.C.A.,$c1837. 300 $a192 p. ;$c24 cm 600 04$aGregorius PP.$bXVI,$d1765-1846.$0(OLS)http://pul/subject/5917 850 $aPUL 852 $aPUL$W1$xDP1 Antico 800$y27$m209 B 15$j59702$nBK-PRI$b $qStampati Antico$B59702$CPULBib$Z2$F59702 $H $81 941 1 $a15 960 $aPapi (1831-1846 : Gregorius PP. XVI)$95917 960 $aPapi (1831-1846 : Gregorius PP. XVI)$95917 960 $aGregorio$bXVI,$cpapa,$d1765-1846$95917 960 $aCappellari, Bartolomeo Alberto (Mauro),$d1765-1846$95917 960 $aCappellari, Mauro,$d1765-1846$95917 961 $aINV: 4896 996 $6245$aIndice alfabetico semi-analitico delle materie contenute nei sette volumi della Raccolta delle leggi e disposizioni di Pubblica amministrazione emanate nel secondo triennio del pontificato della Santità di N.S. Gregorio Papa XVI :$bcioè dal 1 gennaio 1834 a tutto il 31 dicembre 1836$9(OLS)http://pul/title/59783 996 $6260$aRoma :$bNella stamperia della R.C.A.$9(OLS)http://pul/publisher/65717